000 00916nam a22002417a 4500
999 _c3726
_d3726
003 AR-CdUCM
008 190307b ||||| |||| 00| 0 spa d
040 _aMUNICIPALIDAD PROVINCIAL DEL CUSCO
_cBIBLIOTECA MUNICIPAL DEL CUSCO
041 _hrus
082 _a891.7 /
_bE31
100 _aEhrenburg, Ilya Grigorevich
_912058
245 _aEl león de la plaza (teatro), Antología poética /
260 _aLima :
_bEdiciones del Centro de Estudiantes de Medicina de la Universidad Nacional Mayor de San Marcos,
_c1964.
300 _a122 páginas ;
_c17 cm.
505 _aContenido: Babi Yar -- Conversación -- Los Herederos de Stalin -- Los dueños de la Cólera -- Madre cubana...
650 _aTeatro ruso
_911509
650 _aPoesías rusas
_912059
650 _aSiglo XX
_98
650 _aObra teatral
_912060
700 _aEvtushenko, Evgueni Aleksndrovich
_912061
942 _2ddc
_cLIBROS
945 _adavv